| 000 | 00708nam a2200229 i 4500 | ||
|---|---|---|---|
| 001 | 31270 | ||
| 003 | ES-MaACL | ||
| 005 | 20250829112148.0 | ||
| 007 | t| | ||
| 008 | 030128s1971 sp |||| | spa d | ||
| 100 | 1 |
_aBeaulieu, Michèle. _926820 |
|
| 245 | 1 | 3 |
_aEl vestido antiguo y medieval / _cpor Michèle Beaulieu ; croquis de Arlette Berner ; [traducción de Elvira Moragas]. |
| 250 | _a1ª ed. | ||
| 260 |
_aBarcelona : _bOikos-Tau, _c1971. |
||
| 300 |
_a123 p. ; _c18 cm. |
||
| 490 | 1 |
_a¿Qué sé? ; _v32 |
|
| 650 | 4 |
_aTraje- _xHistoria. _9136943 |
|
| 700 | 1 |
_aMoragas, Elvira. _982914 |
|
| 830 | 0 |
_a¿Qué sé? _v32 _9181382 |
|
| 852 |
_aES-MaACL _jC-44422 |
||
| 999 |
_c31270 _d31270 |
||